000 00365nam a2200145 4500
999 _c1331
_d1331
008 200122b ||||| |||| 00| 0 eng d
082 0 0 _a669
_bJ661
100 _9711
_aJohnson, Carl G.
245 1 0 _aMetallurgy
_cby Carl G. Johnson
250 _a4th ed.
260 _aBombay
_bTimes of India
_c1967
300 _aix, 454 p.
650 0 _aMetallurgy
942 _2ddc
_cBK